| 000 | 01004nam a2200301Ia 4500 | ||
|---|---|---|---|
| 003 | OSt | ||
| 005 | 20221006160558.0 | ||
| 006 | a|||||r|||| 00| 0 | ||
| 007 | ta | ||
| 008 | 221006b |||||||| |||| 00| 0 eng d | ||
| 020 |
_a9780691135922 _c _31.95 |
||
| 024 | _a45,542 | ||
| 037 |
_b40, 11/03/2015, Pioneer Book Distributor _cTextual |
||
| 040 |
_aEASL _cEASL _beng |
||
| 041 |
_2eng _aeng |
||
| 082 | _aW0aX.42.P1, Q0 | ||
| 100 |
_aRosenbluth Frances McCall _9649204 |
||
| 245 | 0 |
_aJapan transformed _b Political change and economic restructuring |
|
| 260 |
_aPrinceton _bPrinceton University Press _c2010 |
||
| 300 |
_a260p. _ccm. |
||
| 490 | _v JEL | ||
| 650 |
_a Japan - Economic policy _9577765 |
||
| 650 | _a JEL | ||
| 650 |
_aJapan - Politics and Government _9648506 |
||
| 700 |
_a Thies Michael F. _9674237 |
||
| 942 |
_hW0aX.42.P1, Q0 _cTEXL _2CC |
||
| 999 |
_c1113634 _d1113634 |
||